Atlas of human anatomy / (Record no. 242588)

MARC details
000 -LEADER
fixed length control field 01817nam a2200445 a 4500
001 - CONTROL NUMBER
control field vtls000282647
003 - CONTROL NUMBER IDENTIFIER
control field NLI
005 - DATE AND TIME OF LATEST TRANSACTION
control field 20210602125637.0
008 - FIXED-LENGTH DATA ELEMENTS--GENERAL INFORMATION
fixed length control field 101203s1964 nyu 000 0 eng
039 #9 - LEVEL OF BIBLIOGRAPHIC CONTROL AND CODING DETAIL [OBSOLETE]
-- 201012031838
-- VLOAD
040 0# - CATALOGING SOURCE
Original cataloging agency NLI
Language of cataloging eng
Transcribing agency VERGIS-2010
Description conventions AACR2
041 1# - LANGUAGE CODE
Language code of text/sound track or separate title eng
Language code of original hun
044 ## - COUNTRY OF PUBLISHING/PRODUCING ENTITY CODE
MARC country code nyu
082 04 - DEWEY DECIMAL CLASSIFICATION NUMBER
Classification number 611.084
240 10 - UNIFORM TITLE
Uniform title Ember anatomiajanak atlasza .
Language of a work English
245 00 - TITLE STATEMENT
Title Atlas of human anatomy /
Statement of responsibility, etc. edited by Ferenc Kiss [and] Janos Szentagothai
250 ## - EDITION STATEMENT
Edition statement 8th ed.
260 ## - PUBLICATION, DISTRIBUTION, ETC.
Place of publication, distribution, etc. New York :
Name of publisher, distributor, etc. Macmillan,
Date of publication, distribution, etc. 1964
300 ## - PHYSICAL DESCRIPTION
Extent 3 v. ;
Dimensions 30 cm.
500 ## - GENERAL NOTE
General note "A Pergamon Press book."
500 ## - GENERAL NOTE
General note Added title pages in Latin; legends and tables in Latin and English
500 ## - GENERAL NOTE
General note Translated from the Hungarian
505 0# - FORMATTED CONTENTS NOTE
Formatted contents note Vol.1. Osteology, syndesmology, myology .-- v.2. Splanchnology, endocrine glands, heart . -- v.3 Nervous system, vascular system, lymphatic system, sense organs
650 #0 - SUBJECT ADDED ENTRY--TOPICAL TERM
Topical term or geographic name entry element Human anatomy
General subdivision Atlases
9 (RLIN) 421185
700 1# - ADDED ENTRY--PERSONAL NAME
Personal name Kiss, Ferenc,
Dates associated with a name 1889-1966,
Relationship edt
9 (RLIN) 438320
700 1# - ADDED ENTRY--PERSONAL NAME
Personal name Szentagothai, Janos,
Relationship edt
9 (RLIN) 438321
740 02 - ADDED ENTRY--UNCONTROLLED RELATED/ANALYTICAL TITLE
Uncontrolled related/analytical title Osteology, syndesmology, myology.
740 02 - ADDED ENTRY--UNCONTROLLED RELATED/ANALYTICAL TITLE
Uncontrolled related/analytical title Splanchnology, endocrine glands, heart
740 02 - ADDED ENTRY--UNCONTROLLED RELATED/ANALYTICAL TITLE
Uncontrolled related/analytical title Nervous system, vascular system, lymphatic system, sense organs
887 ## - NON-MARC INFORMATION FIELD
Content of non-MARC field
901 ## - LOCAL DATA ELEMENT A, LDA (RLIN)
a G4718
b 23.10.1962
9 v.1
901 ## - LOCAL DATA ELEMENT A, LDA (RLIN)
a G4719
b 25.10.1962
9 v.2
901 ## - LOCAL DATA ELEMENT A, LDA (RLIN)
a G4720
b 25.10.1962
9 v.3
902 ## - LOCAL DATA ELEMENT B, LDB (RLIN)
a E/O 611.084 K 643 (1)
949 ## - LOCAL PROCESSING INFORMATION (OCLC)
-- VIRTUAITEM
-- 10000
-- 100
6 GXX000004718ENG
9 v.1
942 ## - ADDED ENTRY ELEMENTS (KOHA)
Source of classification or shelving scheme Dewey Decimal Classification
Koha item type Books
949 ## - LOCAL PROCESSING INFORMATION (OCLC)
-- VIRTUAITEM
-- 10000
-- 100
6 GXX000004719ENG
9 v.2
949 ## - LOCAL PROCESSING INFORMATION (OCLC)
-- VIRTUAITEM
-- 10000
-- 100
6 GXX000004720ENG
9 v.3
Holdings
Withdrawn status Lost status Damaged status Not for loan Collection code Home library Current library Shelving location Date acquired Total Checkouts Full call number Barcode Date last seen Price effective from Koha item type
        New English Oversized National Library of India National Library of India New English Oversized - Main Stack Division     E/O 611.084 K 643 (1) GXX000004718ENG 02/06/2021 02/06/2021 Books
        New English Oversized National Library of India National Library of India New English Oversized - Main Stack Division     E/O 611.084 K 643 (1) GXX000004719ENG 02/06/2021 02/06/2021 Books
        New English Oversized National Library of India National Library of India New English Oversized - Main Stack Division     E/O 611.084 K 643 (1) GXX000004720ENG 02/06/2021 02/06/2021 Books
                                                                           
web counter

Copyright ©2020 The National Library of India, Govt. of India ↔ Hosted by NVLI, MOC ↔ Technology and Design by National Library of India, Ministry of Culture, Govt. of India